| 000 | 00445nam a2200157Ia 4500 | ||
|---|---|---|---|
| 008 | 210716s2003 xx 000 0 und d | ||
| 041 | _aeng | ||
| 082 | _a658.4092 GRER | ||
| 100 | _aGreenleaf, Robert K. | ||
| 245 |
_aServant leader within: a transformative path. _bTransformative path. |
||
| 250 | _a1 | ||
| 260 |
_aNew York _c2003 |
||
| 300 | _av,258 | ||
| 650 | _aLeadership | ||
| 700 | _aBeazley, Hamilton; Beggs, Julie; Spears, Larry C. | ||
| 999 |
_c206228 _d206228 |
||